00177nam a22000857a 4500020002000000100001500020245001200035260003600047300000800083 a139780545073899 aDonna King aKickoff aUnited StatesbScholasticc2007 a158